Export Ready — 

Philae : itinéraire du visiteur /

Saved in:

Main Author: Cauville, Sylvie (Author)

Other Authors: Ibrahim Ali, Mohammed.

Format: Book

Language: French

Published: Leuven ; Walpole, MA : Peeters, 2013.

Subjects:

Tags: Add Tag

No Tags, Be the first to tag this record!

Call Number: DT73 .P5 C21

LEADER 00844nam a22002537a 4500
003 OSt
005 20251209094001.0
008 251209t2013 be ab g b 000 0 fre d
020 |a 9789042927469 
040 |c ARCE Library 
043 |a f-ua---  
050 1 4 |a DT73 .P5  |b C21 
100 1 |a Cauville, Sylvie,  |e author  |9 27833 
245 1 0 |a Philae :   |b itinéraire du visiteur /   |c Sylvie Cauville, Mohammed Ibrahim Ali. 
264 1 |a Leuven ;   |a Walpole, MA :   |b Peeters,   |c 2013.  
300 |a 328 pages :   |b illustrations (chiefly color), maps ;   |c 24 cm. 
504 |a Includes bibliographical references (p. 321-324). 
650 0 |a Temples  |z Egypt  |z Philae. 
651 0 |a Philae (Egypt)  |x Antiquities.  
651 0 |a Philae (Egypt)  |x Description and travel. 
700 1 |a Ibrahim Ali, Mohammed. 
901 |a reviewed 
942 |c BK  |2 lcc 
999 |c 27948  |d 27948